[Event "XXIII SZACHOWE MISTRZOSTWA POLSKI DUCHOWIENSTWA"]
[Site "WSD Towarzystwa Chrystusowego w Poznaniu"]
[Date "1899-12-30"]
[Round "3.9"]
[White "Natoniewski, Sebastian"]
[Black "Januszewski, Marek"]
[Result "0-1"]
[WhiteTitle "II"]
[BlackTitle "II"]
[WhiteElo "1629"]
[BlackElo "1644"]

1. d4 Nf6 2. c4 e6 3. Nc3 Bb4 4. g3 d5 5. Bg5 c5 6. a3 Bxc3+ 7. bxc3 dxc4 8. Qa4+
Nc6 9. Nf3 cxd4 10. cxd4 Qa5+ 11. Qxa5 Nxa5 12. Bxf6 gxf6 13. e4 b5 14. Rc1 Bb7
15. Nd2 Rd8 16. Bg2 Rxd4 17. Ke2 Ke7 18. Rhd1 Rhd8 19. f3 Rxd2+ 20. Rxd2 Rxd2+
21. Kxd2 Nb3+ 22. Kc2 Nxc1 23. Kxc1 Kd6 24. Kc2 Kc5 25. Kc3 a5 26. Bf1 b4+ 27.
axb4+ axb4+ 28. Kb2 Kd4 29. Be2 Ba6 30. Bd1 Kd3 31. f4 Kd2 32. Ba4 c3+ 33. Kb1
Bd3+ 0-1

[Event "XXIII SZACHOWE MISTRZOSTWA POLSKI DUCHOWIENSTWA"]
[Site "WSD Towarzystwa Chrystusowego w Poznaniu"]
[Date "1899-12-30"]
[Round "3.10"]
[White "Bryk, Blazej"]
[Black "Mazur, Jan"]
[Result "1/2-1/2"]
[WhiteTitle "II"]
[BlackTitle "II"]
[WhiteElo "1644"]
[BlackElo "1618"]

1. d4 Nf6 2. c4 e6 3. Nc3 b6 4. Bg5 Be7 5. e3 d5 6. Nf3 dxc4 7. Bxc4 O-O 8. O-O
Ba6 9. Bxa6 Nxa6 10. Rc1 c5 11. Qe2 Nc7 12. dxc5 Nfd5 13. Bxe7 Qxe7 14. cxb6 Nxb6
15. Rc2 Ncd5 16. Nxd5 Nxd5 17. Rfc1 Qf6 18. Rc4 h6 19. h3 Rab8 20. b3 Nb6 21.
Rc7 a5 22. Qa6 Nd5 23. Rc8 a4 24. Rxf8+ Rxf8 25. Qxa4 e5 26. Qc4 Nb6 27. Qc6 Rc8
28. Qxc8+ Nxc8 29. Rxc8+ Kh7 30. Rb8 Qd6 31. Rb5 f6 32. a4 Qd1+ 33. Kh2 Qc2 34.
b4 Qxf2 35. a5 Qxe3 36. Rb7 e4 37. Ng1 Qf4+ 38. Kh1 e3 39. a6 Qe4 40. b5 e2 41.
Nxe2 Qxe2 42. a7 Qf1+ 43. Kh2 Qf4+ 44. Kh1 1/2-1/2

[Event "XXIII SZACHOWE MISTRZOSTWA POLSKI DUCHOWIENSTWA"]
[Site "WSD Towarzystwa Chrystusowego w Poznaniu"]
[Date "1899-12-30"]
[Round "3.11"]
[White "Szadkowski, Kamil"]
[Black "Kubasik, Adam"]
[Result "1-0"]
[WhiteTitle "II"]
[BlackTitle "III"]
[WhiteElo "1571"]
[BlackElo "1491"]

1. e4 e5 2. Nf3 Nc6 3. Bc4 Nf6 4. d3 d6 5. Bg5 Be7 6. Nbd2 O-O 7. O-O a6 8. c3
b5 9. Bb3 Na5 10. Bc2 c5 11. b4 cxb4 12. cxb4 Nc6 13. a3 Ne8 14. Bxe7 Qxe7 15.
h3 f5 16. Bb3+ Kh8 17. Bd5 Bb7 18. exf5 Rxf5 19. Be4 Rf6 20. Re1 Nd8 21. Rc1 Bxe4
22. Nxe4 Ne6 23. Nxf6 Qxf6 24. d4 Nf4 25. dxe5 Qg6 26. Nh4 Qg5 27. Qg4 Qxg4 28.
hxg4 Nd3 29. exd6 Nxc1 30. Rxc1 Nxd6 31. Nf5 Ne4 32. f3 Nf6 33. Kf2 g6 34. Nd6
Kg7 35. Rc7+ Kh6 36. Kg3 Nd5 37. g5+ Kxg5 38. Rc5 Rd8 39. Rxd5+ Kf6 40. Ne4+ 1-0

[Event "XXIII SZACHOWE MISTRZOSTWA POLSKI DUCHOWIENSTWA"]
[Site "WSD Towarzystwa Chrystusowego w Poznaniu"]
[Date "1899-12-30"]
[Round "3.12"]
[White "Domaraczenko, Krzysztof"]
[Black "Rembecki, Robert"]
[Result "0-1"]
[WhiteTitle "II"]
[BlackTitle "II"]
[WhiteElo "1538"]
[BlackElo "1597"]

1. e4 d5 2. exd5 Nf6 3. c4 e6 4. dxe6 Bxe6 5. d4 Bb4+ 6. Nc3 Ne4 7. Qa4+ Nc6 8.
Bd2 Qxd4 9. Nxe4 Qxe4+ 10. Ne2 Bxd2+ 11. Kxd2 O-O-O 12. Kc1 Bf5 13. Qb3 Ne5 14.
Qc3 Nd3+ 15. Kc2 Nxf2+ 16. Kb3 Rd3 0-1

[Event "XXIII SZACHOWE MISTRZOSTWA POLSKI DUCHOWIENSTWA"]
[Site "WSD Towarzystwa Chrystusowego w Poznaniu"]
[Date "1899-12-30"]
[Round "4.1"]
[White "Mejzner, Miroslaw"]
[Black "Przygrodzki, Jakub"]
[Result "0-1"]
[WhiteTitle "I"]
[BlackTitle "II+"]
[WhiteElo "1826"]
[BlackElo "1635"]

1. e4 c5 2. Nf3 Nc6 3. c3 Nf6 4. e5 Nd5 5. Bc4 e6 6. Bxd5 exd5 7. d4 d6 8. Bf4
dxe5 9. dxe5 Be7 10. O-O O-O 11. Nbd2 f6 12. Qc2 fxe5 13. Bxe5 Bd6 14. Bxd6 Qxd6
15. Rfe1 Bf5 16. Qa4 Rae8 17. Qh4 d4 18. Nb3 dxc3 19. Qc4+ Be6 20. Qxc3 b6 21.
Rad1 Qf4 22. Re3 Bc8 23. Nbd2 Rxe3 24. fxe3 Qh6 25. Ne4 Qg6 26. Nfg5 h6 27. Rd6
Qf5 28. Qc4+ Kh8 29. Nf3 Ne5 30. Nxe5 Qxe5 31. Rd2 Be6 32. Qc3 Qxe4 33. h3 Bd5
34. b3 Rf5 35. Re2 Rg5 36. Qd2 Qh4 37. Kh2 Qg3+ 38. Kg1 Qe5 39. Rf2 Rf5 40. Re2
Qe4 41. Qc3 Qb1+ 42. Kh2 Rf1 43. Qe5 Qf5 44. Qxf5 Rxf5 45. e4 Re5 46. Rd2 Bxe4
47. Rd7 Rg5 48. g4 h5 49. Kg3 Rd5 0-1

[Event "XXIII SZACHOWE MISTRZOSTWA POLSKI DUCHOWIENSTWA"]
[Site "WSD Towarzystwa Chrystusowego w Poznaniu"]
[Date "1899-12-30"]
[Round "4.2"]
[White "Wadrzyk, Zbigniew"]
[Black "Sola, Wojciech"]
[Result "1/2-1/2"]
[WhiteTitle "I"]
[BlackTitle "I"]
[WhiteElo "1781"]
[BlackElo "1797"]

1. e4 c5 2. d3 e5 3. Nc3 Nc6 4. f4 exf4 5. Bxf4 d6 6. Nf3 g6 7. Nd5 Bg7 8. c3 Be6
9. Ne3 Nge7 10. Be2 O-O 11. O-O d5 12. exd5 Nxd5 13. Nxd5 Bxd5 14. Qd2 Qd7 15.
Bh6 Rad8 16. Bxg7 Kxg7 17. Qf4 f6 18. b3 b6 19. Rad1 Qd6 20. Qxd6 Rxd6 21. d4
Bxf3 22. Bxf3 cxd4 23. Bxc6 Rxc6 24. cxd4 Rd8 25. Rf2 Kf7 26. Rfd2 Ke7 27. Kf2
Kd6 28. Ke3 Rc3+ 29. Rd3 Rc2 30. R1d2 Re8+ 31. Kf3 Rxd2 32. Rxd2 Kd5 33. h3 h5
34. g4 hxg4+ 35. hxg4 Re4 36. Rh2 Rxd4 37. Rh7 a5 38. Rh6 Ke5 39. Rxg6 Rd2 40.
g5 fxg5 41. Rxg5+ Kd6 42. Rb5 Kc6 43. a4 Rd5 44. Rxd5 Kxd5 45. Ke3 Kc5 46. Kd3
Kb4 47. Kc2 Ka3 48. Kc3 Ka2 49. b4 Ka3 50. bxa5 bxa5 51. Kc2 Kxa4 52. Kb2 1/2-1/2

[Event "XXIII SZACHOWE MISTRZOSTWA POLSKI DUCHOWIENSTWA"]
[Site "WSD Towarzystwa Chrystusowego w Poznaniu"]
[Date "1899-12-30"]
[Round "4.3"]
[White "Bak, Stanislaw"]
[Black "Drazek, Dariusz"]
[Result "0-1"]
[WhiteTitle "I"]
[BlackTitle "I"]
[WhiteElo "1788"]
[BlackElo "1782"]

1. e4 c6 2. d4 d5 3. exd5 cxd5 4. Bd3 Nf6 5. h3 e6 6. Nf3 Bd6 7. O-O O-O 8. Re1
Nbd7 9. Nbd2 Re8 10. Nf1 e5 11. dxe5 Nxe5 12. Nxe5 Bxe5 13. c3 Bd7 14. Bg5 Qb6
15. Qc2 Ne4 16. Be3 Qc7 17. f3 Nf6 18. Bd4 Rac8 19. Qf2 Bxd4 20. Qxd4 b6 21. Rxe8+
Rxe8 22. Rd1 h6 23. Kf2 Qc5 24. Bc2 Bb5 25. Ne3 Qe7 26. Bd3 Bxd3 27. Qxd3 Qe5
28. g3 Nh5 29. Rg1 Qe6 30. h4 d4 31. Qxd4 Qxa2 32. Nd1 Qe6 33. Ne3 Nf6 34. g4
Re7 35. g5 Rd7 36. gxf6 Rxd4 37. Rxg7+ Kf8 38. cxd4 h5 39. Rg5 Qxf6 40. Nf5 Ke8
41. Rxh5 Kd7 42. Ne3 Kc8 43. Nf5 b5 44. Ke3 Qe6+ 45. Kf4 b4 46. Rh6 Qe2 47. Rh8+
Kd7 48. Ra8 Qd2+ 49. Ke4 Qc2+ 50. Kf4 Ke6 51. Ne3 Qxb2 52. d5+ Kf6 53. Ng4+ Kg7
54. h5 Qd4+ 55. Kg3 b3 56. h6+ Kh7 57. Rf8 b2 58. Rxf7+ Kg6 59. Rb7 Qg1+ 60. Kf4
Qd4+ 61. Kg3 Qg1+ 62. Kf4 b1=Q 0-1

[Event "XXIII SZACHOWE MISTRZOSTWA POLSKI DUCHOWIENSTWA"]
[Site "WSD Towarzystwa Chrystusowego w Poznaniu"]
[Date "1899-12-30"]
[Round "4.4"]
[White "Dyrda, Konrad"]
[Black "Leskauskas, Sarunas"]
[Result "0-1"]
[WhiteTitle "II"]
[BlackTitle "I"]
[WhiteElo "1670"]
[BlackElo "1687"]

1. e4 d6 2. d4 e6 3. Nf3 Nd7 4. c4 c5 5. Nc3 Ne7 6. Be2 Ng6 7. Be3 b6 8. Qd2 Bb7
9. d5 e5 10. a4 Nf6 11. h3 Qe7 12. Nh2 Bc8 13. a5 bxa5 14. O-O h6 15. Rxa5 Rb8
16. Rfa1 a6 17. Bd1 Nh4 18. Ba4+ Nd7 19. Bc6 f5 20. f3 g5 21. g3 f4 22. Bf2 fxg3
23. Bxg3 Rg8 24. Rxa6 Bxa6 25. Rxa6 Qf6 26. Kf2 h5 27. Nb5 Nxf3 28. Nxf3 g4 29.
hxg4 hxg4 30. Qd1 Rh8 31. Ra7 Rh7 32. Kg2 gxf3+ 33. Kf2 Bh6 34. Nc7+ Ke7 35. Bxd7
Rxb2+ 36. Kf1 Be3 37. Bh3 Rxh3 38. Ne8+ Kf8 0-1

[Event "XXIII SZACHOWE MISTRZOSTWA POLSKI DUCHOWIENSTWA"]
[Site "WSD Towarzystwa Chrystusowego w Poznaniu"]
[Date "1899-12-30"]
[Round "4.5"]
[White "Januszewski, Marek"]
[Black "Pawlowski, Slawomir"]
[Result "0-1"]
[WhiteTitle "II"]
[BlackTitle "I"]
[WhiteElo "1644"]
[BlackElo "1757"]

1. d4 Nf6 2. c4 g6 3. Nc3 Bg7 4. e4 O-O 5. e5 Ne8 6. f4 d6 7. Nf3 dxe5 8. fxe5
c5 9. d5 Bg4 10. Bf4 Nd7 11. Qe2 Qa5 12. h3 Bxf3 13. gxf3 b5 14. cxb5 Nc7 15.
O-O-O a6 16. bxa6 Rfb8 17. Qe3 Qb4 18. Rh2 Nxa6 19. Bxa6 Rxa6 20. e6 Bd4 21. Qd3
Ne5 22. exf7+ Kf8 23. Bh6+ Kxf7 24. Qxa6 Bxc3 25. Qe6+ Ke8 26. b3 Qa3+ 27. Kb1
Rxb3+ 28. axb3 Qa1+ 29. Kc2 Qb2# 0-1

[Event "XXIII SZACHOWE MISTRZOSTWA POLSKI DUCHOWIENSTWA"]
[Site "WSD Towarzystwa Chrystusowego w Poznaniu"]
[Date "1899-12-30"]
[Round "4.7"]
[White "Szczerbak, Kamil"]
[Black "Szadkowski, Kamil"]
[Result "1-0"]
[WhiteTitle "III"]
[BlackTitle "II"]
[WhiteElo "1632"]
[BlackElo "1571"]

1. e4 c5 2. c3 Nc6 3. d4 cxd4 4. cxd4 d5 5. e5 Bf5 6. a3 e6 7. Bb5 Rc8 8. Bxc6+
Rxc6 9. Ne2 f6 10. Nbc3 fxe5 11. dxe5 Bc5 12. b4 Bb6 13. Nb5 Bc7 14. Ned4 Rc4
15. g4 Bxe5 16. gxf5 a6 17. Nxe6 Re4+ 18. Be3 Rxe3+ 19. fxe3 Qh4+ 20. Ke2 Bxa1
21. Nbc7+ Ke7 22. Nxd5+ Kf7 23. Qxa1 Qc4+ 24. Kf2 Qh4+ 25. Kf3 Qh5+ 26. Ke4 Nf6+
27. Nxf6 gxf6 28. Rg1 Qh4+ 29. Kd5 Rc8 30. Rg7+ Ke8 31. Rg8+ Kd7 32. Rxc8 Kxc8
33. Qc3+ Kb8 34. Qc7+ Ka7 35. Nc5 1-0

[Event "XXIII SZACHOWE MISTRZOSTWA POLSKI DUCHOWIENSTWA"]
[Site "WSD Towarzystwa Chrystusowego w Poznaniu"]
[Date "1899-12-30"]
[Round "4.8"]
[White "Zawada, Jan"]
[Black "Bartoszek, Krzysztof"]
[Result "1-0"]
[WhiteTitle "IV"]
[BlackTitle "III"]
[WhiteElo "1558"]
[BlackElo "1533"]

1. d4 d5 2. c4 c6 3. e3 e6 4. Nc3 Bb4 5. Bd2 Bxc3 6. Bxc3 Nf6 7. cxd5 Nxd5 8. Ne2
O-O 9. g3 f5 10. Bg2 Nd7 11. O-O N7f6 12. b3 Nxc3 13. Nxc3 Nd5 14. Nxd5 exd5 15.
Qc2 g5 16. f3 f4 17. exf4 gxf4 18. g4 Qh4 19. Rae1 h5 20. Qg6+ Kh8 21. Re5 hxg4
22. Rh5+ Qxh5 23. Qxh5+ Kg8 24. fxg4 Be6 25. Qg6+ Kh8 26. Qxe6 1-0

[Event "XXIII SZACHOWE MISTRZOSTWA POLSKI DUCHOWIENSTWA"]
[Site "WSD Towarzystwa Chrystusowego w Poznaniu"]
[Date "1899-12-30"]
[Round "4.9"]
[White "Rembecki, Robert"]
[Black "Bryk, Blazej"]
[Result "1-0"]
[WhiteTitle "II"]
[BlackTitle "II"]
[WhiteElo "1597"]
[BlackElo "1644"]

1. e4 e6 2. d4 d5 3. e5 c5 4. c3 Nc6 5. Nf3 Qb6 6. Bd3 cxd4 7. cxd4 Nb4 8. Be2
Ne7 9. O-O Nf5 10. Nc3 Bd7 11. Na4 Qc7 12. Bd2 Be7 13. Rc1 Qd8 14. Qb3 Nc6 15.
Bc3 b6 16. Ba6 O-O 17. Rfd1 f6 18. Bb7 Rb8 19. Bxc6 Bxc6 20. Bd2 Bb7 21. g4 Nh6
22. Bxh6 gxh6 23. Qe3 f5 24. gxf5 Rxf5 25. Kh1 Bg5 26. Rg1 Kh8 27. Nxg5 hxg5 28.
Nc3 h6 29. Nb5 Qf8 30. Rc7 Rxf2 31. Qd3 Qf3+ 32. Qxf3 Rxf3 33. Nd6 Ba6 34. Rxa7
Bd3 35. Rc1 Be4 36. Kg1 Rff8 37. Nxe4 dxe4 38. Re7 e3 39. Rxe6 e2 40. Rxh6+ Kg7
41. Rf6 Rxf6 42. exf6+ Kxf6 43. Kf2 Rd8 44. Kxe2 Rxd4 45. Rc6+ Kf5 46. Rxb6 Rh4
47. Rb5+ Kg6 48. a4 Rxa4 49. Kf3 Kh5 50. Rb8 g4+ 51. Kg3 Kg5 52. Rb5+ Kg6 53.
b4 Kf6 54. Kxg4 Ra1 55. h4 Kg6 56. Rb6+ Kh7 57. Kg5 Rb1 58. Rb7+ Kh8 59. Kh6 Rh1
60. Rb8# 1-0

[Event "XXIII SZACHOWE MISTRZOSTWA POLSKI DUCHOWIENSTWA"]
[Site "WSD Towarzystwa Chrystusowego w Poznaniu"]
[Date "1899-12-30"]
[Round "4.10"]
[White "Burgat, Boguslaw"]
[Black "Natoniewski, Sebastian"]
[Result "1-0"]
[WhiteTitle "III"]
[BlackTitle "II"]
[WhiteElo "1562"]
[BlackElo "1629"]

1. e4 e5 2. Nf3 Nc6 3. Bb5 Nf6 4. O-O a6 5. Ba4 b5 6. Bb3 Bc5 7. c3 d6 8. Re1 Bg4
9. d3 h6 10. a4 O-O 11. Nbd2 Bxf3 12. Qxf3 Qd7 13. h3 Ne7 14. Nf1 Ng6 15. Bxh6
Nh7 16. Qg3 Kh8 17. Be3 Bxe3 18. Nxe3 Nf4 19. Nd5 Nxd5 20. Bxd5 c6 21. Bb3 Rae8
22. axb5 axb5 23. Qe3 Re7 24. Ra6 Rc8 25. Rea1 Rc7 26. Bd1 Nf6 27. Qg5 Kg8 28.
g4 Qe6 29. Qh4 d5 30. g5 Nh7 31. Bg4 Qd6 32. Ra8+ Nf8 33. Rxf8+ 1-0

[Event "XXIII SZACHOWE MISTRZOSTWA POLSKI DUCHOWIENSTWA"]
[Site "WSD Towarzystwa Chrystusowego w Poznaniu"]
[Date "1899-12-30"]
[Round "4.11"]
[White "Mazur, Jan"]
[Black "Grela, Franciszek"]
[Result "1-0"]
[WhiteTitle "II"]
[BlackTitle "II"]
[WhiteElo "1618"]
[BlackElo "1600"]

1. e4 g6 2. d4 Bg7 3. Be3 c5 4. c3 cxd4 5. Bxd4 e5 6. Bc5 b6 7. Bd6 Ne7 8. Nf3
Nbc6 9. Bb5 a6 10. Bxc6 Nxc6 11. O-O f6 12. Qb3 Bb7 13. Re1 Na5 14. Qd1 Qc8 15.
Na3 Nc4 16. Nxc4 Qxc4 17. Qc2 Rc8 18. Re3 Rc6 19. b3 Qe6 20. Ba3 Kf7 21. Rd1 Rc7
22. Rd6 Qe8 23. Rxb6 Qd8 24. c4 Rxc4 25. Qxc4+ d5 26. Rxb7+ Kg8 27. Qxd5+ Qxd5
28. exd5 h5 29. Rb8+ Kh7 30. Rxh8+ Bxh8 31. d6 g5 32. d7 1-0

[Event "XXIII SZACHOWE MISTRZOSTWA POLSKI DUCHOWIENSTWA"]
[Site "WSD Towarzystwa Chrystusowego w Poznaniu"]
[Date "1899-12-30"]
[Round "5.1"]
[White "Drazek, Dariusz"]
[Black "Przygrodzki, Jakub"]
[Result "1/2-1/2"]
[WhiteTitle "I"]
[BlackTitle "II+"]
[WhiteElo "1782"]
[BlackElo "1635"]

1. e4 c5 2. Nf3 Nc6 3. d4 cxd4 4. Nxd4 Nf6 5. Nc3 g6 6. Nxc6 bxc6 7. e5 Ng8 8.
Bc4 d5 9. exd6 Qxd6 10. Qf3 Be6 11. Bb3 Bxb3 12. axb3 Nf6 13. O-O Bg7 14. Rd1
Qc7 15. Nb5 Qb7 16. Rxa7 Rxa7 17. Nxa7 O-O 18. Nxc6 h5 19. Ne5 Qc7 20. Nc4 e6
21. Bf4 Qc8 22. Be5 Nd5 23. Bxg7 Kxg7 24. h3 Qc5 25. Qe4 Nf6 26. Qd4 Qf5 27. Ne3
Qg5 28. h4 Qb5 29. Nc4 Qf5 30. Ne5 Qxc2 31. b4 Kg8 32. Qd2 Qb3 33. Ra1 Nd5 34.
Ra7 Qxb4 35. Qxb4 Nxb4 36. Kf1 Rb8 37. Rxf7 Nd3 38. Nd7 Kxf7 39. Nxb8 Nxb2 1/2-1/2

[Event "XXIII SZACHOWE MISTRZOSTWA POLSKI DUCHOWIENSTWA"]
[Site "WSD Towarzystwa Chrystusowego w Poznaniu"]
[Date "1899-12-30"]
[Round "5.2"]
[White "Leskauskas, Sarunas"]
[Black "Wadrzyk, Zbigniew"]
[Result "1-0"]
[WhiteTitle "I"]
[BlackTitle "I"]
[WhiteElo "1687"]
[BlackElo "1781"]

1. e4 e6 2. f4 d5 3. e5 c5 4. Nf3 Nc6 5. c3 Bd7 6. Na3 Nh6 7. Be2 Nf5 8. Nc2 h5
9. b3 Be7 10. d3 b5 11. Ne3 Bh4+ 12. Kf1 d4 13. Nxf5 exf5 14. Bb2 dxc3 15. Bxc3
Be6 16. d4 b4 17. Bb2 Be7 18. Qc2 Nxd4 19. Nxd4 cxd4 20. Rd1 Rc8 21. Qd3 Bc5 22.
Bxd4 O-O 23. Bxc5 Qxd3 24. Rxd3 Rxc5 25. Rd2 Rc1+ 26. Bd1 Rfc8 27. Kf2 a5 28.
Re1 Ra1 29. Bxh5 Rxe1 30. Kxe1 Rc3 31. Kf2 g6 32. Bf3 Kg7 33. h3 Kh6 34. g4 g5
35. Kg3 fxg4 36. hxg4 Bxb3 37. axb3 Rxb3 38. f5 Re3 39. Rh2+ Kg7 40. Rh5 b3 41.
Rxg5+ Kf8 42. f6 b2 43. Rh5 Kg8 44. Rh1 a4 45. Kf4 Rxf3+ 46. Kxf3 a3 47. Rh5 b1=Q
48. Rg5+ Kf8 49. Rh5 Qh1+ 50. Rxh1 1-0

[Event "XXIII SZACHOWE MISTRZOSTWA POLSKI DUCHOWIENSTWA"]
[Site "WSD Towarzystwa Chrystusowego w Poznaniu"]
[Date "1899-12-30"]
[Round "5.3"]
[White "Sola, Wojciech"]
[Black "Mejzner, Miroslaw"]
[Result "1-0"]
[WhiteTitle "I"]
[BlackTitle "I"]
[WhiteElo "1797"]
[BlackElo "1826"]

1. c4 e5 2. g3 Nf6 3. Bg2 Bc5 4. e3 c6 5. Ne2 O-O 6. O-O d5 7. cxd5 cxd5 8. d4
exd4 9. Nxd4 Nc6 10. Nc3 Re8 11. Nb3 Bb6 12. Nxd5 Be6 13. Nxb6 Qxb6 14. Bd2 Ne5
15. Bc3 Red8 16. Qc2 Rac8 17. Rfd1 Nd5 18. Rac1 Nxc3 19. Rxd8+ Rxd8 20. Qxc3 Nc4
21. Bf1 Nd6 22. Qc7 Qxc7 23. Rxc7 Bxb3 24. axb3 a6 25. Be2 g6 26. Bf3 Kg7 27.
Bd5 Kf6 28. Bxb7 Nxb7 29. Rxb7 Rd6 30. b4 Ke6 31. b5 a5 1-0

[Event "XXIII SZACHOWE MISTRZOSTWA POLSKI DUCHOWIENSTWA"]
[Site "WSD Towarzystwa Chrystusowego w Poznaniu"]
[Date "1899-12-30"]
[Round "5.4"]
[White "Szczerbak, Kamil"]
[Black "Bak, Stanislaw"]
[Result "0-1"]
[WhiteTitle "III"]
[BlackTitle "I"]
[WhiteElo "1632"]
[BlackElo "1788"]

1. e4 c5 2. c3 d6 3. d4 cxd4 4. cxd4 e6 5. Nf3 Nf6 6. Nc3 a6 7. Be2 Be7 8. a4 O-O
9. Qc2 d5 10. e5 Nfd7 11. g4 f6 12. g5 fxe5 13. dxe5 Nc6 14. Be3 Ndxe5 15. Nxe5
Nxe5 16. f4 Nc6 17. Bd2 Nb4 18. Qb3 Bd7 19. h4 Rc8 20. Kd1 Bd6 21. h5 Qe7 22.
Rf1 Rf5 23. Bg4 Rcf8 24. Bxf5 Rxf5 25. Ne2 Qf8 26. Ng3 Rf7 27. Bxb4 Bxb4 28. Ne2
Bd6 29. g6 Re7 30. gxh7+ Kxh7 31. Qd3+ Kh8 32. Kd2 Bb4+ 33. Nc3 Qf6 34. Kc2 Be8
35. Qh3 Rc7 36. Kb3 Rc4 37. f5 Bxc3 38. bxc3 e5 39. Rh1 Qb6+ 40. Kc2 Bxa4+ 41.
Rxa4 Rxa4 42. Rb1 Ra2+ 0-1

[Event "XXIII SZACHOWE MISTRZOSTWA POLSKI DUCHOWIENSTWA"]
[Site "WSD Towarzystwa Chrystusowego w Poznaniu"]
[Date "1899-12-30"]
[Round "5.5"]
[White "Pawlowski, Slawomir"]
[Black "Zawada, Jan"]
[Result "1-0"]
[WhiteTitle "I"]
[BlackTitle "IV"]
[WhiteElo "1757"]
[BlackElo "1558"]

1. Nf3 d5 2. g3 g6 3. Bg2 Bg7 4. d3 e5 5. O-O Nc6 6. Nbd2 Nge7 7. e4 dxe4 8. dxe4
O-O 9. c3 h6 10. Qe2 Be6 11. Rd1 Qc8 12. Nc4 Kh7 13. b3 a6 14. Ba3 f6 15. Ne3
Rf7 16. Nd5 Bf8 17. Bb2 Nd8 18. c4 Nxd5 19. exd5 Bg4 20. Qe3 Bg7 21. Re1 b6 22.
Nh4 Bf5 23. Nxf5 Qxf5 24. Be4 Qg5 25. Qe2 f5 26. h4 Qf6 27. Bc2 Re7 28. h5 g5
29. g4 Nf7 30. Bxf5+ Kh8 31. Rad1 Rae8 32. Rd3 Nd6 33. Rf3 Nxf5 34. Rxf5 Qd6 35.
Qf3 e4 36. Rf8+ Rxf8 37. Qxf8+ Kh7 38. Bxg7 Rxg7 39. Qxd6 cxd6 40. Rxe4 Rd7 41.
Re6 b5 42. cxb5 axb5 43. Kg2 Kg7 44. Rg6+ Kh7 45. Kf3 b4 46. Ke4 Ra7 47. Rxd6
Rxa2 48. Rd7+ Kg8 49. f3 Rb2 50. Rb7 Rxb3 51. d6 Rb1 52. d7 1-0

[Event "XXIII SZACHOWE MISTRZOSTWA POLSKI DUCHOWIENSTWA"]
[Site "WSD Towarzystwa Chrystusowego w Poznaniu"]
[Date "1899-12-30"]
[Round "5.7"]
[White "Rembecki, Robert"]
[Black "Januszewski, Marek"]
[Result "0-1"]
[WhiteTitle "II"]
[BlackTitle "II"]
[WhiteElo "1597"]
[BlackElo "1644"]

1. b3 e5 2. Bb2 Nc6 3. c4 Nf6 4. Nc3 d5 5. cxd5 Nxd5 6. e3 Bf5 7. Qf3 Be6 8. Bb5
Ndb4 9. O-O-O a6 10. Bxc6+ Nxc6 11. Nge2 Qd3 12. Qe4 Nb4 13. Ng3 f5 14. Qxd3 Nxd3+
15. Kb1 Nxf2 16. Rhf1 Nxd1 17. Rxd1 O-O-O 18. d4 exd4 19. exd4 f4 20. Nge4 Bf5
21. Ka1 Bb4 22. Ng5 Rd7 23. Ne2 Bg4 24. Nf3 Bxf3 25. gxf3 g5 26. Nc3 Bxc3 27.
Bxc3 Rd5 28. Re1 Kd7 29. Re4 Re8 30. Rxe8 Kxe8 31. Kb2 c5 32. dxc5 Rxc5 33. Kc2
Rd5 34. a3 Kf7 35. a4 Kg6 36. Be1 h5 37. h3 Kf5 38. Bf2 g4 39. hxg4+ hxg4 40.
fxg4+ Kxg4 0-1

[Event "XXIII SZACHOWE MISTRZOSTWA POLSKI DUCHOWIENSTWA"]
[Site "WSD Towarzystwa Chrystusowego w Poznaniu"]
[Date "1899-12-30"]
[Round "5.8"]
[White "Burgat, Boguslaw"]
[Black "Mazur, Jan"]
[Result "0-1"]
[WhiteTitle "III"]
[BlackTitle "II"]
[WhiteElo "1562"]
[BlackElo "1618"]

1. e4 e6 2. d4 d5 3. e5 c5 4. c3 Nc6 5. a3 cxd4 6. cxd4 Nge7 7. Nf3 Nf5 8. Be2
Qb6 9. Nc3 Nfxd4 10. Na4 Nxf3+ 11. Bxf3 Qc7 12. Bf4 b5 13. Nc3 b4 14. Nb5 Qa5
15. Be2 bxa3+ 16. Bd2 Qd8 17. bxa3 a6 18. Qa4 Bb7 19. Nd4 Qd7 20. Nxc6 Bxc6 21.
Qd1 Be7 22. O-O O-O 23. Bh5 Bb5 24. Re1 Bc5 25. Qg4 f5 26. exf6 Rxf6 27. Be3 Bxe3
28. Rxe3 Raf8 29. Ra2 Kh8 30. Qg3 Bc4 31. Rb2 Qa7 32. Rf3 Rxf3 33. gxf3 Bb5 34.
Qe5 Qe7 35. Rc2 Qf6 36. Qg3 g6 37. Bg4 Qa1+ 0-1

[Event "XXIII SZACHOWE MISTRZOSTWA POLSKI DUCHOWIENSTWA"]
[Site "WSD Towarzystwa Chrystusowego w Poznaniu"]
[Date "1899-12-30"]
[Round "5.9"]
[White "Kuzio, Andrzej"]
[Black "Bartoszek, Krzysztof"]
[Result "1-0"]
[WhiteTitle "II"]
[BlackTitle "III"]
[WhiteElo "1674"]
[BlackElo "1533"]

1. e4 d6 2. d4 Nf6 3. Bd3 g6 4. c4 c5 5. Nf3 Bg7 6. Nc3 O-O 7. O-O Nbd7 8. h3 e5
9. Be3 Nh5 10. Qc2 exd4 11. Bxd4 Ne5 12. Nxe5 dxe5 13. Bxc5 Re8 14. Be3 Nf4 15.
Rad1 Bxh3 16. Bxf4 Bxg2 17. Kxg2 exf4 18. Rh1 h5 19. Rdg1 f3+ 20. Kxf3 Bd4 21.
Qd2 Qf6+ 22. Qf4 Bxc3 23. bxc3 Qxf4+ 24. Kxf4 Rad8 25. Ke3 Kf8 26. Rd1 f5 27.
f3 Kf7 28. Bc2 Rxd1 29. Rxd1 g5 30. Rd7+ Kf6 31. Rxb7 f4+ 32. Ke2 Re7 33. Rxe7
Kxe7 34. c5 g4 35. fxg4 hxg4 36. Kf2 a5 37. Bd1 g3+ 38. Kf3 Kf6 39. Ba4 Ke5 40.
Bc6 Ke6 41. Bd5+ Ke5 42. c6 Kd6 43. c4 Kc7 44. e5 a4 45. Kxf4 1-0

[Event "XXIII SZACHOWE MISTRZOSTWA POLSKI DUCHOWIENSTWA"]
[Site "WSD Towarzystwa Chrystusowego w Poznaniu"]
[Date "1899-12-30"]
[Round "5.12"]
[White "Natoniewski, Sebastian"]
[Black "Kubasik, Adam"]
[Result "1-0"]
[WhiteTitle "II"]
[BlackTitle "III"]
[WhiteElo "1629"]
[BlackElo "1491"]

1. Nf3 d6 2. g3 g6 3. Bg2 Bg7 4. O-O Nf6 5. d4 O-O 6. c4 c5 7. d5 a6 8. a4 e6 9.
Nc3 exd5 10. cxd5 b6 11. Bg5 Qe8 12. Re1 Ne4 13. Nxe4 Qxe4 14. Qd2 Bb7 15. Nh4
Qe8 16. Bh6 Nd7 17. Bxg7 Kxg7 18. Qc3+ Qe5 19. Qxe5+ dxe5 20. e4 b5 21. axb5 axb5
22. f4 Rxa1 23. Rxa1 exf4 24. gxf4 Ra8 25. Rxa8 Bxa8 26. Kf2 h5 27. Ke3 Kf8 28.
Bf1 c4 29. Kd4 Bb7 30. b3 cxb3 31. Bxb5 b2 32. Bd3 Ba6 33. Bc2 Ke7 34. Kc3 Kd6
35. Kxb2 Kc5 36. Kc3 Nf6 37. Bd3 Bb7 38. Nf3 Nd7 39. Ng5 f6 40. Ne6+ Kd6 41. Bb5
Bc8 42. Kd4 Ke7 43. Nc5 g5 44. fxg5 fxg5 45. Nxd7 Bxd7 46. Bxd7 Kxd7 47. Ke5 g4
48. Kf4 Kd6 49. Kg5 1-0

[Event "XXIII SZACHOWE MISTRZOSTWA POLSKI DUCHOWIENSTWA"]
[Site "WSD Towarzystwa Chrystusowego w Poznaniu"]
[Date "1899-12-30"]
[Round "5.13"]
[White "Grela, Franciszek"]
[Black "Domaraczenko, Krzysztof"]
[Result "1-0"]
[WhiteTitle "II"]
[BlackTitle "II"]
[WhiteElo "1600"]
[BlackElo "1538"]

1. e4 e5 2. Nf3 Nc6 3. Bc4 Bc5 4. O-O Nf6 5. Nc3 O-O 6. d3 h6 7. a3 a5 8. Nd5 d6
9. h3 Re8 10. c3 Be6 11. Qb3 Ra7 12. Be3 a4 13. Qa2 Bxe3 14. fxe3 Na5 15. Nxf6+
Qxf6 16. Nh2 Qg5 17. Bxe6 Qxe3+ 18. Kh1 Rxe6 19. Rf3 Qg5 20. Raf1 Rf6 21. Rxf6
gxf6 22. Ng4 Nb3 23. Nxf6+ Kh8 24. Ng4 Kg7 25. Rf3 h5 26. Ne3 f6 27. Nf5+ Kh8
28. Rg3 Qc1+ 29. Kh2 Qf4 30. Qb1 h4 31. Nxh4 Qxh4 32. Qd1 Qf4 33. Qh5+ 1-0

[Event "XXIII SZACHOWE MISTRZOSTWA POLSKI DUCHOWIENSTWA"]
[Site "WSD Towarzystwa Chrystusowego w Poznaniu"]
[Date "1899-12-30"]
[Round "6.1"]
[White "Przygrodzki, Jakub"]
[Black "Sola, Wojciech"]
[Result "0-1"]
[WhiteTitle "II+"]
[BlackTitle "I"]
[WhiteElo "1635"]
[BlackElo "1797"]

1. d4 Nf6 2. Bf4 d5 3. e3 c5 4. Nf3 Nc6 5. Nbd2 cxd4 6. exd4 Qb6 7. Nb3 Bf5 8.
Bd3 Bxd3 9. Qxd3 g6 10. O-O Bg7 11. a4 O-O 12. a5 Qd8 13. Ne5 Nh5 14. Nxc6 Nxf4
15. Nxd8 Nxd3 16. Nxb7 Nxb2 17. Rfe1 e6 18. c3 Rfc8 19. N3c5 a6 20. f4 Ra7 21.
Rab1 Nc4 22. g4 Nd2 23. Rb6 Nf3+ 24. Kf2 Nxe1 25. Kxe1 Bf8 26. Kd2 Be7 27. g5
h6 28. h4 hxg5 29. hxg5 Rc7 30. Nd6 Ra8 31. Kd3 Bd8 32. Rb7 Rxb7 33. Ndxb7 Bc7
34. Ke3 Kf8 35. Kf3 Ke7 36. Kg4 Bd6 37. Kf3 Bxc5 38. Nxc5 Kd6 39. Ke3 Kc6 40.
Kd3 Kb5 41. Nb3 Rh8 42. Nc5 Rh3+ 43. Kd2 Rf3 44. Nd3 Kxa5 45. Ke2 Rxd3 46. Kxd3
Kb5 0-1